00611nam a2200217Ia 450000500170000000800460001703700100006304000080007304000080008104000080008904100080009704100080010508400080011310000110012124500670013226000090019985600630020894200100027199900210028195200910030220260320202032.0008 262003s9999 xx 000 0 eng d aEBOOK aCRL beng cCRL 2eng aeng qCRL aBakshi 0aHello Swift!: iOS app programming for kids and other beginners bIEEE uhttps://ieeexplore.ieee.org/servlet/opac?bknumber=10280104 cEBOOK c1724939d1724939 00104070aCRLbCRLd2026-03-20l0pCL2129033r2026-03-20 20:20:32w2026-03-20yEBOOK